Introduction to Computation and Programming Using Python: (Record no. 611279)

000 -LEADER
fixed length control field 00477nam a22001457a 4500
020 ## - INTERNATIONAL STANDARD BOOK NUMBER
International Standard Book Number 978-0262542364
040 ## - CATALOGING SOURCE
Transcribing agency NUST
082 ## - DEWEY DECIMAL CLASSIFICATION NUMBER
Classification number 005.133
Author Mark GUT
100 ## - MAIN ENTRY--PERSONAL NAME
Personal name Guttag, John V.
9 (RLIN) 125535
245 ## - TITLE STATEMENT
Title Introduction to Computation and Programming Using Python:
Remainder of title With Application to Computational Modeling and Understanding Data /
Statement of responsibility, etc. John V. Guttag
250 ## - EDITION STATEMENT
Edition statement 3rd Ed.
260 ## - PUBLICATION, DISTRIBUTION, ETC.
Place of publication, distribution, etc. London ;
Name of publisher, distributor, etc. MIT Press ,
Date of publication, distribution, etc. 2021.
300 ## - PHYSICAL DESCRIPTION
Extent Invp. ;
Other physical details Hardbinding ,
Dimensions 27cm.
942 ## - ADDED ENTRY ELEMENTS (KOHA)
Source of classification or shelving scheme
Koha item type Book
Holdings
Withdrawn status Lost status Source of classification or shelving scheme Damaged status Not for loan Permanent Location Current Location Shelving location Date acquired Total Checkouts Full call number Barcode Date last seen Price effective from Koha item type Total Renewals Date last checked out
          School of Mechanical & Manufacturing Engineering (SMME) School of Mechanical & Manufacturing Engineering (SMME) Aerospace Engineering 08/30/2024   005.133 GUT SMME-4596 08/30/2024 08/30/2024 Book    
          School of Mechanical & Manufacturing Engineering (SMME) School of Mechanical & Manufacturing Engineering (SMME) Aerospace Engineering 08/30/2024 1 005.133 GUT SMME-4597 01/14/2025 08/30/2024 Book 1 10/28/2024
          School of Mechanical & Manufacturing Engineering (SMME) School of Mechanical & Manufacturing Engineering (SMME) Aerospace Engineering 08/30/2024 1 005.133 GUT SMME-4598 01/06/2025 08/30/2024 Book   12/17/2024
          School of Mechanical & Manufacturing Engineering (SMME) School of Mechanical & Manufacturing Engineering (SMME) General Stacks 08/30/2024   005.133 GUT SMME-4599 08/30/2024 08/30/2024 Book    
© 2023 Central Library, National University of Sciences and Technology. All Rights Reserved.